[Event "BL 0809 Hamburger SK - TV Tegernsee"]
[Site "?"]
[Date "2008.10.04"]
[Round "1.1"]
[White "Volokitin, Andrei"]
[Black "Gustafsson, Jan"]
[Result "1/2-1/2"]
[WhiteElo "2671"]
[BlackElo "2620"]
[PlyCount "89"]
[EventDate "2008.??.??"]

1. e4 e5 2. Nf3 Nc6 3. Bb5 a6 4. Ba4 Nf6 5. O-O Be7 6. Re1 b5 7. Bb3 O-O 8. c3
d5 9. exd5 Nxd5 10. Nxe5 Nxe5 11. Rxe5 c6 12. d4 Bd6 13. Re1 Qh4 14. g3 Qh3 15.
Qe2 Bd7 16. Qf1 Qh5 17. Nd2 Rae8 18. Ne4 Bh3 19. Bd1 Qf5 20. Qd3 Qe6 21. Re2
Bf5 22. f3 h5 23. Bg5 Qg6 24. Qd2 Bc7 25. Bc2 f6 26. Bh4 Re6 27. Rae1 Rfe8 28.
Nxf6+ gxf6 29. Rxe6 Rxe6 30. Rxe6 Bxc2 31. Kf2 Bf5 32. Rxc6 Bd7 33. Rxa6 Qb1
34. Bxf6 Bf4 35. gxf4 Qh1 36. Qd3 Qxh2+ 37. Ke1 Qg3+ 38. Kd1 Qg1+ 39. Kd2 Qh2+
40. Kc1 Bf5 41. Qd2 Qg1+ 42. Qd1 Qe3+ 43. Qd2 Qg1+ 44. Qd1 Qe3+ 45. Qd2 1/2-1/2

[Event "BL 0809 Hamburger SK - TV Tegernsee"]
[Site "?"]
[Date "2008.10.04"]
[Round "1.2"]
[White "Baramidze, David"]
[Black "Khenkin, Igor"]
[Result "1/2-1/2"]
[WhiteElo "2593"]
[BlackElo "2655"]
[PlyCount "40"]
[EventDate "2008.??.??"]

1. e4 c6 2. d4 d5 3. Nc3 dxe4 4. Nxe4 Bf5 5. Ng3 Bg6 6. h4 h6 7. Nf3 Nd7 8. h5
Bh7 9. Bd3 Bxd3 10. Qxd3 e6 11. Bf4 Qa5+ 12. Bd2 Bb4 13. c3 Be7 14. c4 Qc7 15.
d5 cxd5 16. cxd5 Qd6 17. Qb5 Ngf6 18. dxe6 Qxe6+ 19. Kf1 O-O 20. Re1 Qd5
1/2-1/2

[Event "BL 0809 Hamburger SK - TV Tegernsee"]
[Site "?"]
[Date "2008.10.04"]
[Round "1.4"]
[White "Ftacnik, Lubomir Dr"]
[Black "Rozentalis, Eduardas"]
[Result "1/2-1/2"]
[WhiteElo "2544"]
[BlackElo "2599"]
[PlyCount "32"]
[EventDate "2008.??.??"]

1. Nf3 Nf6 2. c4 b6 3. g3 Bb7 4. Bg2 e6 5. O-O Be7 6. Nc3 O-O 7. Re1 Ne4 8.
Nxe4 Bxe4 9. d3 Bb7 10. e4 c5 11. b3 Nc6 12. Bb2 Qc7 13. d4 cxd4 14. Nxd4 a6
15. Qe2 Nxd4 16. Bxd4 Bc6 1/2-1/2

[Event "BL 0809 Hamburger SK - TV Tegernsee"]
[Site "?"]
[Date "2008.10.04"]
[Round "1.5"]
[White "Bischoff, Klaus"]
[Black "Heinemann, Thies"]
[Result "1-0"]
[WhiteElo "2545"]
[BlackElo "2485"]
[PlyCount "83"]
[EventDate "2008.??.??"]

1. c4 Nf6 2. Nc3 e5 3. Nf3 Nc6 4. d3 d5 5. cxd5 Nxd5 6. e3 Be7 7. Be2 O-O 8.
O-O Kh8 9. Bd2 f5 10. Nxd5 Qxd5 11. Bc3 Bf6 12. b4 a6 13. a3 Be6 14. Qc2 Rad8
15. Rac1 Rd7 16. Bb2 Qd6 17. Qb1 Bd5 18. Rfd1 Qe6 19. e4 Bb3 20. Re1 Ba4 21.
Rc5 b6 22. Rc4 Bb5 23. exf5 Qxf5 24. Re4 Rfd8 25. Qc2 a5 26. bxa5 bxa5 27. a4
Nb4 28. Rxb4 axb4 29. axb5 Qe6 30. Bf1 Rd5 31. d4 e4 32. Bc4 Re8 33. Qb3 Qd7
34. Bxd5 exf3 35. Rxe8+ Qxe8 36. Qxb4 fxg2 37. Bxg2 h5 38. d5 Bxb2 39. Qxb2
Qe1+ 40. Bf1 Qd1 41. Qe5 h4 42. h3 1-0

[Event "BL 0809 Hamburger SK - TV Tegernsee"]
[Site "?"]
[Date "2008.10.04"]
[Round "1.7"]
[White "Hertneck, Gerald"]
[Black "Huschenbeth, Niclas"]
[Result "1/2-1/2"]
[WhiteElo "2519"]
[BlackElo "2414"]
[PlyCount "169"]
[EventDate "2008.??.??"]

1. d4 Nf6 2. Nf3 g6 3. c4 Bg7 4. g3 O-O 5. Bg2 d6 6. Nc3 Nc6 7. O-O a6 8. b3 e5
9. dxe5 dxe5 10. Ba3 Re8 11. Qxd8 Nxd8 12. Rad1 e4 13. Nd4 b6 14. Nc2 Bb7 15.
Ne3 Ne6 16. Bb2 Rad8 17. Rxd8 Rxd8 18. Rd1 Rxd1+ 19. Ncxd1 Nd7 20. Bxg7 Kxg7
21. Nc3 f5 22. f4 exf3 23. exf3 f4 24. Ned5 Nf6 25. Nxf4 Nxf4 26. gxf4 Nh5 27.
Ne2 c5 28. Kf2 Kf6 29. Bh3 Bc6 30. Bc8 a5 31. Ke3 Ng7 32. Nc3 Nf5+ 33. Bxf5
gxf5 34. Kf2 Kg6 35. Kg3 Kf6 36. Nd1 Bd7 37. Nb2 Be8 38. Kh4 Kg6 39. Nd3 a4 40.
Ne5+ Kh6 41. Kg3 axb3 42. axb3 Kg7 43. Kh3 Kf6 44. Kh4 h6 45. Kg3 Ke6 46. Kf2
Kd6 47. Ke3 Ke6 48. Kd2 Kd6 49. Kc3 Ke6 50. b4 Kd6 51. Kb3 Ke6 52. b5 Kd6 53.
Kc3 Ke6 54. Kd2 Kd6 55. Ke3 Ke6 56. Nd3 Kd6 57. Nb2 Bf7 58. Kd3 Be6 59. Na4 Kc7
60. Nc3 Kd6 61. Ne2 Bf7 62. Ng3 Ke6 63. Nf1 Kf6 64. Nd2 Ke6 65. Nb1 Kd6 66. Na3
Ke6 67. Nc2 Kf6 68. Ne3 Be6 69. Ke2 Bf7 70. Kf2 Be6 71. Kg3 Bg8 72. Kh3 Be6 73.
Kh4 Bf7 74. h3 Kg6 75. Kg3 Kf6 76. Kf2 Be6 77. Ke2 Bf7 78. Kd3 Be6 79. Nd1 Ke7
80. Nb2 Kd6 81. Ke3 Bf7 82. Kf2 Be6 83. Kg3 Bg8 84. Kh4 Bf7 85. Kg3 1/2-1/2

[Event "BL 0809 Hamburger SK - TV Tegernsee"]
[Site "?"]
[Date "2008.10.04"]
[Round "1.8"]
[White "Sebastian, Dirk"]
[Black "Stangl, Markus"]
[Result "1/2-1/2"]
[WhiteElo "2432"]
[BlackElo "2458"]
[PlyCount "162"]
[EventDate "2008.??.??"]

1. e4 c5 2. Nf3 e6 3. Nc3 a6 4. d4 cxd4 5. Nxd4 d6 6. Be2 b5 7. O-O Bb7 8. Re1
Nf6 9. Bf1 Be7 10. a3 O-O 11. g3 Nc6 12. Nxc6 Bxc6 13. Bg2 Qc7 14. Qe2 Qb7 15.
Bf4 Rfe8 16. Rad1 Rad8 17. g4 h6 18. Rd3 a5 19. Rh3 b4 20. axb4 axb4 21. Nd1
Qb5 22. Qxb5 Bxb5 23. g5 hxg5 24. Bxg5 Rc8 25. Ne3 d5 26. Bxf6 Bxf6 27. exd5
Bxb2 28. Rb1 Bc3 29. dxe6 Rxe6 30. Bd5 Re5 31. Rf3 Rc7 32. Rf5 Rxf5 33. Nxf5
Rc5 34. Ne3 Kf8 35. h4 Be2 36. Bg2 Bd2 37. Bf1 Bf3 38. Bd3 Bc3 39. Nf5 g6 40.
Ng3 Re5 41. Kf1 Kg7 42. Ne2 Bd2 43. Rd1 Ra5 44. Kg1 Bf4 45. Rb1 Bd6 46. Nd4 Bd5
47. Nb3 Ra3 48. Nd2 Be7 49. Nc4 Ra2 50. Ne3 Bc6 51. h5 Bc5 52. hxg6 fxg6 53.
Kf1 Bf3 54. Be2 Be4 55. Bd3 Bf3 56. Be2 Bc6 57. Bd3 Ba4 58. Bc4 Ra3 59. Bb3
Bb5+ 60. Kg2 Ra8 61. Rd1 Rf8 62. Kg3 Rf6 63. Bd5 Ba4 64. Bb3 Bc6 65. Bd5 Bb5
66. Ra1 Ba6 67. Ra5 Bd4 68. Ra4 Bc3 69. Kg2 Be1 70. f3 Rd6 71. Be4 Bb5 72. Ra7+
Kf6 73. Nd5+ Ke5 74. Re7+ Kd4 75. Nf4 g5 76. Ne6+ Ke3 77. Nxg5 Rd2+ 78. Kh3 Kf4
79. Rf7+ Ke3 80. Re7 Kf4 81. Rf7+ Ke3 1/2-1/2

[Event "BL 0809 Schachfr. Berlin - Bayern Mümch"]
[Site "?"]
[Date "2008.10.04"]
[Round "1.1"]
[White "Bezold, Michael"]
[Black "Nataf, Igor-Alexandre"]
[Result "1/2-1/2"]
[WhiteElo "2513"]
[BlackElo "2534"]
[PlyCount "34"]
[EventDate "2008.??.??"]

1. e4 c5 2. Nf3 Nc6 3. Bb5 e6 4. Bxc6 bxc6 5. d3 Ne7 6. Qe2 d5 7. c4 Ng6 8. O-O
Bd6 9. Nc3 O-O 10. h3 d4 11. e5 Nxe5 12. Nxe5 dxc3 13. bxc3 Bxe5 14. Qxe5 Qxd3
15. Qxc5 Ba6 16. Be3 Qxc4 17. Rfd1 Qxc5 1/2-1/2

[Event "BL 0809 Schachfr. Berlin - Bayern Mümch"]
[Site "?"]
[Date "2008.10.04"]
[Round "1.2"]
[White "Miezis, Normunds"]
[Black "Belezky, Alexander"]
[Result "1-0"]
[WhiteElo "2540"]
[BlackElo "2466"]
[PlyCount "91"]
[EventDate "2008.??.??"]

1. c4 c5 2. Nc3 g6 3. g3 Bg7 4. Bg2 Nc6 5. d3 d6 6. a3 a5 7. f4 Rb8 8. Nf3 Nf6
9. e4 O-O 10. O-O Bg4 11. h3 Bxf3 12. Bxf3 Nd4 13. a4 Ne8 14. Bg2 Nc7 15. Kh2
f5 16. Rb1 e6 17. Bd2 Qd7 18. b3 b6 19. Ne2 Nxe2 20. Qxe2 Bd4 21. g4 Rbe8 22.
Rbe1 Kh8 23. Qf3 e5 24. exf5 gxf5 25. fxe5 fxg4 26. Qxf8+ Rxf8 27. Rxf8+ Kg7
28. Rff1 Ne6 29. exd6 Qxd6+ 30. Kh1 h6 31. Re4 gxh3 32. Bxh3 Ng5 33. Bf4 Qd8
34. Bxg5 hxg5 35. Rf5 Bf6 36. Rd5 Qf8 37. Kg2 Qb8 38. Bg4 Kh6 39. Rd7 Kg6 40.
Rd5 Kh6 41. Bf5 Qf8 42. Re6 Kh5 43. Be4 Kh4 44. Bf3 Be5 45. Rexe5 g4 46. Rh5#
1-0

[Event "BL 0809 Schachfr. Berlin - Bayern Mümch"]
[Site "?"]
[Date "2008.10.04"]
[Round "1.3"]
[White "Jorczik, Julian"]
[Black "Polzin, Rainer"]
[Result "1/2-1/2"]
[WhiteElo "2359"]
[BlackElo "2520"]
[PlyCount "63"]
[EventDate "2008.??.??"]

1. d4 Nf6 2. c4 g6 3. Nc3 Bg7 4. e4 d6 5. Be2 O-O 6. Bg5 c5 7. d5 h6 8. Bf4 a6
9. a4 e6 10. dxe6 Bxe6 11. Qd2 Nc6 12. Bxh6 Nd4 13. Bxg7 Kxg7 14. Rd1 b5 15.
cxb5 Bb3 16. Rc1 Re8 17. Nf3 Nxe4 18. Nxe4 Rxe4 19. Nxd4 Rxd4 20. Qe3 Qa5+ 21.
Qc3 Qxa4 22. bxa6 Re8 23. Kf1 Kg8 24. f3 Bd1 25. Bxd1 Rxd1+ 26. Kf2 Rxh1 27.
Rxh1 Qxa6 28. Re1 Rxe1 29. Kxe1 Qa1+ 30. Kf2 Qd1 31. h4 Qd5 32. b3 1/2-1/2

[Event "BL 0809 Schachfr. Berlin - Bayern Mümch"]
[Site "?"]
[Date "2008.10.04"]
[Round "1.4"]
[White "Lauber, Arnd"]
[Black "Reiss, Tibor"]
[Result "1-0"]
[WhiteElo "2502"]
[BlackElo "2404"]
[PlyCount "85"]
[EventDate "2008.??.??"]

1. d4 d5 2. c4 c6 3. Nf3 Nf6 4. Nc3 e6 5. e3 Nbd7 6. Bd3 dxc4 7. Bxc4 b5 8. Bd3
b4 9. Na4 c5 10. dxc5 Nxc5 11. Nxc5 Bxc5 12. Qe2 Bb7 13. e4 h6 14. O-O Qb6 15.
Nd2 O-O 16. Nb3 Rfd8 17. Nxc5 Qxc5 18. Be3 Qa5 19. f3 Rxd3 20. Qxd3 Ba6 21. Qb3
Bxf1 22. Rxf1 Qb5 23. Rc1 Qe2 24. Bd4 e5 25. Qe3 Qb5 26. Bxa7 Qa5 27. Bc5 Qxa2
28. Qd2 b3 29. Bb4 Qa7+ 30. Qf2 Qb7 31. Bc3 Nd7 32. h3 f6 33. Kh1 Nb6 34. f4
Na4 35. fxe5 fxe5 36. Bxe5 Qxe4 37. Bxg7 Kxg7 38. Rc7+ Kg6 39. Qf7+ Kg5 40.
Qg7+ Kh5 41. Re7 Rg8 42. Qf7+ Qg6 43. Re5+ 1-0

[Event "BL 0809 Schachfr. Berlin - Bayern Mümch"]
[Site "?"]
[Date "2008.10.04"]
[Round "1.5"]
[White "Renner, Christoph"]
[Black "Schneider, Ilja"]
[Result "0-1"]
[WhiteElo "2431"]
[BlackElo "2468"]
[PlyCount "56"]
[EventDate "2008.??.??"]

1. d4 Nf6 2. Nf3 e6 3. e3 b6 4. Bd3 Bb7 5. O-O c5 6. Nbd2 Be7 7. b3 O-O 8. Bb2
d6 9. c4 Nbd7 10. Rc1 a6 11. Qe2 b5 12. Rfd1 bxc4 13. bxc4 Rb8 14. Nb3 Qc7 15.
Bc3 Bc6 16. Ba5 Qa7 17. Rb1 Rfc8 18. Rb2 d5 19. Rdb1 dxc4 20. Bxc4 Bxf3 21.
gxf3 cxd4 22. Nxd4 Rxb2 23. Rxb2 Qc5 24. Bxa6 Qg5+ 25. Kh1 Rc1+ 26. Be1 Qa5 27.
Nc2 Qc3 28. Qb5 Ba3 0-1

[Event "BL 0809 Schachfr. Berlin - Bayern Mümch"]
[Site "?"]
[Date "2008.10.04"]
[Round "1.6"]
[White "Degtiarev, Evgeny"]
[Black "Heinzel, Olaf"]
[Result "0-1"]
[WhiteElo "2367"]
[BlackElo "2386"]
[PlyCount "148"]
[EventDate "2008.??.??"]

1. d4 f5 2. g3 Nf6 3. Bg2 e6 4. c4 d5 5. Nh3 c6 6. Qc2 Bd6 7. O-O O-O 8. Nc3
Qe7 9. Bf4 dxc4 10. Nb1 Bxf4 11. Nxf4 Nd5 12. Qxc4 Nxf4 13. gxf4 Nd7 14. Nd2
Nb6 15. Qc5 Qxc5 16. dxc5 Nd7 17. Rfc1 e5 18. fxe5 Nxe5 19. f4 Ng6 20. e3 Be6
21. Nf3 Rad8 22. Rd1 Bd5 23. a4 Bxf3 24. Bxf3 a5 25. Be2 Kf7 26. b4 axb4 27.
Rdb1 Rfe8 28. Kf2 Re4 29. Ra2 Ne7 30. Rb3 Nd5 31. Rd2 Ra8 32. Bf3 Nf6 33. Rc2
Rxa4 34. Bxe4 Nxe4+ 35. Ke2 Nf6 36. Rcb2 Nd5 37. Kd2 Ra5 38. Rc2 Ra1 39. Rc1
Ra2+ 40. Rc2 Ra1 41. Rc1 Ra5 42. Rc2 Ke6 43. h4 Rb5 44. Rc4 b6 45. cxb6 Rxb6
46. Rc2 Nf6 47. Kc1 Ne4 48. Rd3 c5 49. Kb2 Rc6 50. Kb3 Ra6 51. Kb2 Nc3 52. Kb3
Ra5 53. h5 Ne4 54. Kb2 Nd6 55. Rd1 c4 56. Rg2 Ra7 57. Rgg1 Rb7 58. Ra1 c3+ 59.
Kb3 Ne4 60. Ra6+ Kd5 61. Rd1+ Nd2+ 62. Kc2 Ke4 63. Re6+ Kf3 64. h6 gxh6 65. Ra6
Ke4 66. Re6+ Kf3 67. Rxh6 Kxe3 68. Rdh1 Ne4 69. Kb3 Kd4 70. Rxh7 Nc5+ 71. Ka2
b3+ 72. Ka1 Rxh7 73. Rxh7 c2 74. Rh1 Nd3 0-1

[Event "BL 0809 Schachfr. Berlin - Bayern Mümch"]
[Site "?"]
[Date "2008.10.04"]
[Round "1.7"]
[White "Deglmann, Ludwig"]
[Black "Abel, Dennes"]
[Result "1/2-1/2"]
[WhiteElo "2336"]
[BlackElo "2322"]
[PlyCount "136"]
[EventDate "2008.??.??"]

1. e4 e5 2. Nf3 Nc6 3. Nc3 Nf6 4. g3 g6 5. Bg2 Bg7 6. O-O O-O 7. d3 d5 8. exd5
Nxd5 9. Nd2 Nde7 10. Nc4 Be6 11. Be3 Qd7 12. Ne4 b6 13. Bh6 f6 14. Bxg7 Kxg7
15. a4 Rad8 16. Ned2 Nd4 17. Re1 Rfe8 18. c3 Ndf5 19. Bf1 Bd5 20. Ne3 Bb7 21.
Ndc4 Nxe3 22. fxe3 c5 23. e4 Ba6 24. b3 Nc6 25. Qf3 Qe6 26. Rab1 Na5 27. Nxa5
bxa5 28. Qe3 Qd6 29. Rb2 Re7 30. h4 Bc8 31. h5 gxh5 32. Rd2 Be6 33. Be2 Bxb3
34. Bxh5 Kh8 35. Kh2 Red7 36. Rf1 Qf8 37. Bg4 Rg7 38. Bh3 Bxa4 39. Rdf2 Rg6 40.
Rd2 Rg7 41. Rdf2 Rg6 42. Ra1 Bd7 43. Bxd7 Rxd7 44. Rxa5 Qd8 45. Rxc5 Rxd3 46.
Rc8 Rxe3 47. Rxd8+ Kg7 48. Rd7+ Kh6 49. Rxa7 Rxc3 50. Rf7 Rcxg3 51. R7xf6 R3g4
52. R6f3 Rh4+ 53. Rh3 Rgg4 54. Rf6+ Kg7 55. Re6 Rxh3+ 56. Kxh3 Rxe4 57. Kg3 Kf7
58. Rh6 Kg7 59. Re6 Kf7 60. Rh6 Rf4 61. Rxh7+ Ke6 62. Ra7 Rf8 63. Kg4 Rc8 64.
Kf3 Rc3+ 65. Ke4 Rc4+ 66. Ke3 Rh4 67. Ra8 Kf5 68. Rf8+ Ke6 1/2-1/2

[Event "BL 0809 Schachfr. Berlin - Bayern Mümch"]
[Site "?"]
[Date "2008.10.04"]
[Round "1.8"]
[White "Thinius, Marco"]
[Black "Unzicker, Ferdinand Dr"]
[Result "0-1"]
[WhiteElo "2387"]
[BlackElo "2308"]
[PlyCount "70"]
[EventDate "2008.??.??"]

1. e4 c5 2. Nf3 d6 3. d4 cxd4 4. Nxd4 Nf6 5. Nc3 Nc6 6. Bg5 e6 7. Qd2 Be7 8.
O-O-O O-O 9. f4 h6 10. Bh4 Bd7 11. Ndb5 Nxe4 12. Bxe7 Nxd2 13. Bxd8 Nxf1 14.
Bc7 Ne3 15. Rxd6 a6 16. Na3 Bc8 17. Rd2 b5 18. Re1 Nf5 19. Ne4 h5 20. c3 Re8
21. Nc2 Nce7 22. g3 Bb7 23. Ba5 Nc6 24. Bb6 Nce7 25. Nc5 Bd5 26. Nb4 a5 27.
Nxd5 Nxd5 28. Bxa5 Nde3 29. Bb4 Nc4 30. Rd7 Rxa2 31. b3 Ra1+ 32. Kc2 Rxe1 33.
bxc4 bxc4 34. Rd2 Ra8 35. Kb2 Rea1 0-1

[Event "BL 0809 SG Turm Trier - OSC Baden Baden"]
[Site "?"]
[Date "2008.10.04"]
[Round "1.2"]
[White "Svetushkin, Dmitry"]
[Black "Movsesian, Sergej"]
[Result "1/2-1/2"]
[WhiteElo "2587"]
[BlackElo "2723"]
[PlyCount "105"]
[EventDate "2008.??.??"]

1. d4 Nf6 2. c4 e6 3. Nf3 d5 4. Nc3 Bb4 5. Qa4+ Nc6 6. a3 Bxc3+ 7. bxc3 Ne4 8.
Qc2 O-O 9. e3 b6 10. cxd5 exd5 11. Bd3 Bf5 12. c4 Re8 13. O-O dxc4 14. Qxc4 Nd6
15. Qc2 Bxd3 16. Qxd3 b5 17. Bd2 Nc4 18. Rfc1 a6 19. Bb4 N6e5 20. Nxe5 Nxe5 21.
Qf5 Nc4 22. a4 c6 23. Ra2 g6 24. Qf3 Qd5 25. Rca1 Nb6 26. axb5 Qxf3 27. gxf3
axb5 28. Ra6 f5 29. Bc5 Na4 30. Rxc6 Rac8 31. Rxc8 Rxc8 32. Bb4 Rc2 33. Rb1 Kf7
34. d5 Nb6 35. e4 Rc4 36. Ba5 Nd7 37. exf5 Rc5 38. fxg6+ hxg6 39. Rd1 Rc4 40.
Bd8 b4 41. Re1 b3 42. Re7+ Kg8 43. Rxd7 b2 44. Rb7 Rc1+ 45. Kg2 b1=Q 46. Rxb1
Rxb1 47. Bc7 Rd1 48. d6 Kf7 49. Kg3 Ke6 50. Kf4 Rd5 51. Kg4 Rf5 52. f4 Rd5 53.
Bb8 1/2-1/2

[Event "BL 0809 SG Turm Trier - OSC Baden Baden"]
[Site "?"]
[Date "2008.10.04"]
[Round "1.3"]
[White "Nisipeanu, Liviu-Dieter"]
[Black "Flumbort, Andras"]
[Result "1-0"]
[WhiteElo "2692"]
[BlackElo "2495"]
[PlyCount "41"]
[EventDate "2008.??.??"]

1. e4 c5 2. Nf3 d6 3. d4 cxd4 4. Nxd4 Nf6 5. Nc3 a6 6. Bc4 e6 7. Bb3 b5 8. O-O
Be7 9. Qf3 Qc7 10. Re1 Qb7 11. Qg3 b4 12. Nd5 exd5 13. Bxd5 Nxd5 14. Qxg7 Rf8
15. exd5 Qxd5 16. Bg5 Ra7 17. Bxe7 Rxe7 18. Rxe7+ Kxe7 19. Re1+ Kd7 20. Qxf8
Qxd4 21. Re7+ 1-0

[Event "BL 0809 SG Turm Trier - OSC Baden Baden"]
[Site "?"]
[Date "2008.10.04"]
[Round "1.4"]
[White "Seger, Rüdiger"]
[Black "Naiditsch, Arkadij"]
[Result "0-1"]
[WhiteElo "2397"]
[BlackElo "2665"]
[PlyCount "78"]
[EventDate "2008.??.??"]

1. e4 e5 2. Nf3 Nc6 3. Bb5 a6 4. Bxc6 dxc6 5. O-O f6 6. d4 Bg4 7. c3 Bd6 8. Be3
Ne7 9. Nbd2 O-O 10. h3 Bh5 11. Qc2 Qd7 12. dxe5 fxe5 13. Nh2 Kh8 14. Nc4 b5 15.
Nxd6 cxd6 16. a4 Qe6 17. f3 Bf7 18. Rfd1 d5 19. Bc5 Rfd8 20. Ng4 Ng6 21. Bf2 h5
22. Ne3 Nf4 23. Bh4 Rf8 24. axb5 axb5 25. Rxa8 Rxa8 26. exd5 cxd5 27. Bg5 Bg6
28. Qf2 Nd3 29. Qh4 Ra4 30. b4 d4 31. cxd4 Rxb4 32. Rxd3 Bxd3 33. Qxh5+ Bh7 34.
d5 Qg6 35. Qxg6 Bxg6 36. d6 Rd4 37. Be7 b4 38. d7 b3 39. Nc4 Rxd7 0-1

[Event "BL 0809 SG Turm Trier - OSC Baden Baden"]
[Site "?"]
[Date "2008.10.04"]
[Round "1.5"]
[White "Caruana, Fabiano"]
[Black "Kolbus, Dietmar"]
[Result "1/2-1/2"]
[WhiteElo "2630"]
[BlackElo "2393"]
[PlyCount "89"]
[EventDate "2008.??.??"]

1. e4 c5 2. Nf3 d6 3. d4 cxd4 4. Nxd4 Nf6 5. Nc3 a6 6. Be3 e5 7. Nb3 Be6 8. Qd2
Nbd7 9. O-O-O b5 10. f3 Nb6 11. Qf2 Nfd7 12. f4 Qc7 13. f5 Bxb3 14. axb3 Be7
15. g4 h6 16. h4 Nc5 17. Kb1 O-O-O 18. Qe1 Kb8 19. Nd5 Nxd5 20. Rxd5 Qb7 21.
Qb4 Rc8 22. Be2 Rc6 23. Rhd1 Rhc8 24. c3 R8c7 25. g5 hxg5 26. hxg5 f6 27. g6
Rc8 28. Qa3 Nxe4 29. Bf3 Ng3 30. Qb4 Nxf5 31. Bc1 Rh8 32. Bg2 Rh4 33. Qa5 Qb6
34. Qa2 Rh2 35. R5d2 Rc8 36. b4 Ne3 37. Qe6 Rxg2 38. Rxg2 Nxd1 39. Qxe7 Ne3 40.
Bxe3 Qxe3 41. Qxd6+ Kb7 42. Qd5+ Kb8 43. Qd6+ Kb7 44. Qd5+ Kb8 45. Qd6+ 1/2-1/2

[Event "BL 0809 SG Turm Trier - OSC Baden Baden"]
[Site "?"]
[Date "2008.10.04"]
[Round "1.6"]
[White "Jeitz, Christian"]
[Black "Dautov, Rustem"]
[Result "0-1"]
[WhiteElo "2226"]
[BlackElo "2601"]
[PlyCount "76"]
[EventDate "2008.??.??"]

1. e4 c6 2. d4 d5 3. Nc3 g6 4. Nf3 Bg7 5. e5 Bg4 6. Bf4 Qb6 7. Na4 Qa5+ 8. Nc3
f6 9. Be2 Nh6 10. exf6 exf6 11. Qd2 Nf5 12. O-O O-O 13. h3 Bxf3 14. Bxf3 Qd8
15. a4 Na6 16. a5 Nd6 17. b3 f5 18. Na4 Ne4 19. Bxe4 fxe4 20. Bg5 Qd6 21. Rad1
Rf5 22. c4 Raf8 23. Be3 Qe6 24. cxd5 cxd5 25. Nc5 Nxc5 26. dxc5 d4 27. Bxd4 Rd5
28. Qb4 Rfd8 29. Qxb7 Bxd4 30. c6 Bxf2+ 31. Kxf2 Rxd1 32. Rxd1 Rxd1 33. Qb8+
Kg7 34. Qxa7+ Kh6 35. Qe3+ g5 36. c7 Qf7+ 37. Kg3 Qxc7+ 38. Kg4 Qd7+ 0-1

[Event "BL 0809 SG Turm Trier - OSC Baden Baden"]
[Site "?"]
[Date "2008.10.04"]
[Round "1.8"]
[White "Korman, Maxim"]
[Black "Doettling, Fabian"]
[Result "0-1"]
[WhiteElo "2125"]
[BlackElo "2562"]
[PlyCount "66"]
[EventDate "2008.??.??"]

1. d4 d5 2. Bf4 Nf6 3. e3 e6 4. Nd2 c5 5. c3 Nc6 6. Rc1 Bd6 7. Bxd6 Qxd6 8. f4
Bd7 9. a3 Ne7 10. Bd3 Qb6 11. b4 cxd4 12. cxd4 O-O 13. Rc5 Rfc8 14. Qb1 Nf5 15.
Ke2 Ng4 16. Nf1 Qd8 17. Nf3 b6 18. Rxc8 Rxc8 19. h3 Nf6 20. g4 Nd6 21. N1d2 Qc7
22. Ne5 Bb5 23. Bxb5 Nxb5 24. Qd3 Nc3+ 25. Kf3 Nfe4 26. g5 f6 27. gxf6 gxf6 28.
Ng4 Qg7 29. Rg1 Kh8 30. Rg2 Rg8 31. Nf1 f5 32. Nfh2 fxg4+ 33. hxg4 Qh6 0-1

[Event "BL 0809 SC Remagen - SC Eppingen"]
[Site "?"]
[Date "2008.10.04"]
[Round "1.1"]
[White "Tiviakov, Sergei"]
[Black "Fedorchuk, Sergey"]
[Result "1/2-1/2"]
[WhiteElo "2645"]
[BlackElo "2624"]
[PlyCount "58"]
[EventDate "2008.??.??"]

1. e4 e5 2. Nf3 Nc6 3. Bc4 Bc5 4. c3 Nf6 5. d3 a6 6. Bb3 d6 7. O-O Ba7 8. Be3
O-O 9. Nbd2 h6 10. h3 Re8 11. Re1 Be6 12. Bxe6 Rxe6 13. d4 Re8 14. Qc2 b5 15.
a4 Qb8 16. d5 Ne7 17. c4 bxc4 18. Nxc4 c6 19. dxc6 Nxc6 20. a5 d5 21. exd5 Nb4
22. Qd2 e4 23. Bxa7 Rxa7 24. Nfe5 Rae7 25. Ra4 Nfxd5 26. Rxe4 Qb5 27. b3 Re6
28. Nd6 Rxd6 29. Rexb4 Nxb4 1/2-1/2

[Event "BL 0809 SC Remagen - SC Eppingen"]
[Site "?"]
[Date "2008.10.04"]
[Round "1.2"]
[White "Goloshchapov, Alexander"]
[Black "Braun, Arik"]
[Result "1/2-1/2"]
[WhiteElo "2579"]
[BlackElo "2533"]
[PlyCount "35"]
[EventDate "2008.??.??"]

1. c4 c6 2. d4 d5 3. Nc3 Nf6 4. e3 e6 5. Nf3 Nbd7 6. Qc2 Bd6 7. Bd3 O-O 8. O-O
dxc4 9. Bxc4 a6 10. a4 c5 11. dxc5 Bxc5 12. b3 b6 13. Ne4 Be7 14. Bb2 Bb7 15.
Nxf6+ Bxf6 16. Rad1 Bxb2 17. Qxb2 Qe7 18. Qd4 1/2-1/2

[Event "BL 0809 SC Remagen - SC Eppingen"]
[Site "?"]
[Date "2008.10.04"]
[Round "1.3"]
[White "Berkes, Ferenc"]
[Black "Gharamian, Tigran"]
[Result "1-0"]
[WhiteElo "2645"]
[BlackElo "2560"]
[PlyCount "65"]
[EventDate "2008.??.??"]

1. c4 Nf6 2. Nf3 c5 3. Nc3 Nc6 4. g3 g6 5. Bg2 Bg7 6. O-O O-O 7. d4 cxd4 8.
Nxd4 Nxd4 9. Qxd4 d6 10. Qd3 Rb8 11. Bf4 Qa5 12. Rac1 Be6 13. b3 a6 14. Rc2
Rfc8 15. Rfc1 b5 16. Nd5 Nxd5 17. Bxd5 bxc4 18. Bxe6 fxe6 19. Rxc4 Rxc4 20.
Qxc4 Kf7 21. h4 Rb4 22. Qc8 Qxa2 23. Bxd6 Rxb3 24. Qd7 Bf8 25. Rc8 Qb1+ 26. Kh2
Qf5 27. Bc5 Rb5 28. Be3 Rb3 29. Bd4 Rb4 30. Be3 Rb3 31. Bf4 Kg8 32. Qd4 Kf7 33.
Qh8 1-0

[Event "BL 0809 SC Remagen - SC Eppingen"]
[Site "?"]
[Date "2008.10.04"]
[Round "1.4"]
[White "Feller, Sebastien"]
[Black "Gyimesi, Zoltan"]
[Result "0-1"]
[WhiteElo "2523"]
[BlackElo "2586"]
[PlyCount "98"]
[EventDate "2008.??.??"]

1. Nf3 c6 2. c4 d5 3. d4 Nf6 4. e3 Bf5 5. Nc3 e6 6. Nh4 Bg6 7. Nxg6 hxg6 8. a3
Nbd7 9. g3 Be7 10. Qe2 O-O 11. Bg2 dxc4 12. Qxc4 e5 13. O-O exd4 14. exd4 Nb6
15. Qd3 Qd7 16. Bg5 Nfd5 17. Bxe7 Nxe7 18. Rad1 Rad8 19. Rfe1 Rfe8 20. Re5 Nf5
21. Qe2 Kf8 22. d5 c5 23. h4 Rxe5 24. Qxe5 Nc4 25. Qf4 Ncd6 26. Bh3 Qe7 27.
Bxf5 gxf5 28. b4 c4 29. Qd4 b6 30. a4 Re8 31. a5 Qe5 32. Qxe5 Rxe5 33. axb6
axb6 34. b5 Re8 35. Na4 Nxb5 36. Nxb6 c3 37. Kf1 c2 38. Rc1 Nd4 39. Nd7+ Ke7
40. Ne5 Rc8 41. Nc6+ Nxc6 42. dxc6 Rxc6 43. Ke2 Ke6 44. Kd3 f4 45. g4 Kd5 46.
f3 Rc8 47. Rxc2 Rxc2 48. Kxc2 Kc4 49. h5 f6 0-1

[Event "BL 0809 SC Remagen - SC Eppingen"]
[Site "?"]
[Date "2008.10.04"]
[Round "1.5"]
[White "Acs, Peter"]
[Black "Dgebuadze, Alexandre"]
[Result "1-0"]
[WhiteElo "2544"]
[BlackElo "2562"]
[PlyCount "105"]
[EventDate "2008.??.??"]

1. d4 e6 2. c4 Nf6 3. Nc3 Bb4 4. Qc2 d6 5. a3 Bxc3+ 6. Qxc3 a5 7. Bg5 h6 8. Bh4
b6 9. f3 Qe7 10. e4 e5 11. Bf2 exd4 12. Bxd4 Nc6 13. Bf2 O-O 14. Ne2 Re8 15.
Ng3 Qe5 16. Rc1 Nd7 17. Be2 Nc5 18. O-O Qxc3 19. Rxc3 f5 20. exf5 Bxf5 21. Bd1
Bd7 22. Bc2 a4 23. f4 Rf8 24. f5 Ne5 25. Bd4 Rf7 26. Bxe5 dxe5 27. Re3 Re8 28.
Nh5 e4 29. g4 g6 30. fxg6 Rxf1+ 31. Kxf1 Rf8+ 32. Ke1 Bxg4 33. Ng3 Nd3+ 34. Kd2
Nxb2 35. Rxe4 Bf3 36. Rh4 h5 37. Kc1 Bd1 38. Bxd1 Nxd1 39. Kxd1 Kg7 40. Rxh5
Kxg6 41. Ke2 Rf4 42. c5 b5 43. Ke3 Rc4 44. Kd3 Rc1 45. c6 Ra1 46. Rxb5 Rxa3+
47. Kd4 Ra1 48. Rb2 a3 49. Rg2 Rd1+ 50. Ke5 Rc1 51. Nf5+ Kh5 52. h4 Rc5+ 53.
Kf6 1-0

[Event "BL 0809 SC Remagen - SC Eppingen"]
[Site "?"]
[Date "2008.10.04"]
[Round "1.6"]
[White "Degraeve, Jean-Marc"]
[Black "Medvegy, Zoltan"]
[Result "1/2-1/2"]
[WhiteElo "2523"]
[BlackElo "2556"]
[PlyCount "38"]
[EventDate "2008.??.??"]

1. e4 c6 2. d4 d5 3. exd5 cxd5 4. Bd3 Nc6 5. c3 Qc7 6. h3 g6 7. Ne2 Bf5 8. Bxf5
gxf5 9. Bf4 Qd7 10. Nd2 e6 11. Nf3 Bd6 12. O-O Nf6 13. Ne5 Qc7 14. Nd3 Bxf4 15.
Nexf4 O-O-O 16. Re1 Rhg8 17. Qe2 Kb8 18. a4 Rg5 19. Ne5 Rdg8 1/2-1/2